000 02832cam a2200481 i 4500
001 8670128
003 CaAEU
005 20260511121914.0
006 m o d
007 cr cnu---unuuu
008 161219t20162017caua ob 001 0 eng d
020 _a9781491910368
_q(electronic bk.)
020 _a1491910364
_q(electronic bk.)
020 _a9781491910337
_q(electronic bk.)
020 _a149191033X
_q(electronic bk.)
020 _a9781491910344
_q(electronic bk.)
020 _a9781491910399
020 _z9781491910399
035 _aocn966429425
037 _a17A40AC7-2948-4F90-9C18-207341CE0160
_bOverDrive, Inc.
_nhttp://www.overdrive.com
039 _aexclude
040 _aN$T
_beng
_erda
_epn
_cN$T
_dWAU
_dN$T
_dTEFOD
_dOCLCF
_dYDX
_dTOH
_dTZA
_dCWJ
_dIUP
_dORZ
_dIDEBK
_dEBLCP
_dUMI
_dSTF
_dHEBIS
_dOCLCO
_dOCLCQ
_dMCW
_dCOO
_dCEF
_dKSU
_dLIP
_dVT2
_dDEBBG
_dOTZ
_dDKU
_dOCLCQ
_dWYU
_dC6I
_dZCU
_dOCLCQ
_dUAB
_dNRC
_dUKAHL
_dAEU
041 _aEnglish
050 4 _aQA76
100 _aWickham, Hadley
_eauthor.
_912310
245 1 0 _aR for data science
_b: import, tidy, transform, visualize, and model data
_c/ Hadley Wickham & Garrett Grolemund.
250 _aFirst edition.
264 1 _aSebastopol, CA :
_bO'Reilly Media,
_c2016.
264 4 _c©2017
300 _a1 online resource :
_billustrations (some color)
504 _aIncludes bibliographical references and index.
505 _aPart I. Explore — Part II. Wrangle — Part III. Program — Part IV. Model — Part V. Communicate.
520 _aLearn how to use R to turn raw data into insight, knowledge, and understanding. This book introduces you to R, RStudio, and the tidyverse, a collection of R packages designed to work together to make data science fast, fluent, and fun. Suitable for readers with no previous programming experience, R for Data Science is designed to get you doing data science as quickly as possible. ; Authors Hadley Wickham and Garrett Grolemund guide you through the steps of importing, wrangling, exploring, and modeling your data and communicating the results. You'll get a complete, big-picture understanding of the data science cycle, along with basic tools you need to manage the details. Each section of the book is paired with exercises to help you practice what you've learned along the way.
588 0 _aOnline resource; title from PDF title page (EBSCO, viewed December 22, 2016).
650 0 _aElectronic data processing
_912308
650 0 _aR (Computer program language)
_912305
650 0 _aDatabases
_98234
650 0 _aBig data
_93389
700 _aGrolemund, Garrett
_eauthor.
_912309
776 0 8 _iPrint version:
_z9781491910368
856 _uhttps://bibliotheque.tbs-education.fr/Default/doc/SYRACUSE/3393491/r-for-data-science-import-tidy-transform-visualize-and-model-data-hadley-wickham
942 _2lcc
999 _c4956
_d4956